Zawody związane z transportem - Statystyki

Ogólne statystyki
  • Ten quiz został rozwiązany 11 razy
  • Średni wynik to 6 z 55
Statystyki odpowiedzi
Zawód % Poprawnych
Maszynista
82%
Pilot
73%
Spedytor
55%
Logistyk
45%
Motorniczy
45%
Kierowca ciężarówki
36%
Kontroler biletów
36%
Magazynier
36%
Kierowca autobusu
27%
Kierowca taksówki | ubera | bolta
27%
Mechanik (lotniczy, okrętowy, samochodowy)
27%
Dyżurny ruchu
18%
Kapitan statku
18%
Kierownik pociągu
18%
Kurier | Dostawca
18%
Marynarz
18%
Kontroler ruchu lotniczego
9%
Manewrowy | Ustawiacz
9%
Steward | Stewardessa
9%
Agent handlingowy
0%
Agent żeglugowy
0%
Analityk logistyczny
0%
Badacz ruchu drogowego
0%
Broker transportowy
0%
Diagnosta pojazdów
0%
Dispatcher
0%
Dyspozytor kolejowy
0%
Dyspozytor komunikacji miejskiej
0%
Dyspozytor ruchu
0%
Geodeta transportowy
0%
Instruktor nauki jazdy
0%
Inżynier torów i trakcji
0%
Inżynier transportu
0%
Kierownik floty
0%
Konsultant ds. optymalizacji tras
0%
Kontroler ITD
0%
Kontroler ładunków
0%
Koordynator łańcucha dostaw
0%
Nawigator
0%
Operator ładowarki/wózka widłowego
0%
Operator obsługi naziemnej
0%
Operator portowy/dźwigowy
0%
Planista (lotów, tras miejskich, transportu)
0%
Programista systemów zarządzania flotą
0%
Projektant infrastruktury drogowej
0%
Projektant infrastruktury kolejowej
0%
Przewoźnik
0%
Serwisant tachografów
0%
Specjalista ds. bezpieczeństwa transportu
0%
Specjalista ds. celnych
0%
Technik torów/trakcji tramwajowej
0%
Technik utrzymania taboru kolejowego
0%
Urbanista
0%
Zarządca portu
0%
Zarządzający portem lotniczym
0%
Nie znaleziono quizów pasujących do podanych kryteriów
Rozkład punktacji
Procent ludzi z każdym wynikiem
Percentyl według liczby udzielonych odpowiedzi
Twoja historia wyników
Nie rozwiązałeś tego quizu